Charakteristika dátového modelu na riadenie podnikových rizík

Bibliographic Details
Main Author: Trippensee, Austin (Author)
Format: Article
Language:Slovak
PhysicalDescription:Fotogr.
ISSN:1335-4787
Subjects:

MARC

LEADER 00000nab a2200000 a 4500
001 vtls010060151
003 SK-MaSNL
005 20260304175220.0
008 250507c2009 xo |||||||||||000 b|slo
015 |a SNBRB2010/02  |2 snkbucl 
035 |a (uuid)4754ac83-e949-44ab-8fab-f5fe60f8b05a 
035 |a urn:nbn:sk:snk-ab1h3u 
035 |a (urnnbn)urn:nbn:sk:snk:ar-003pvr 
038 |a SNKBUCL 
040 |a SNKBUCL  |b slo  |c SNKBUCL  |e AACR2 
041 0 |a slo 
044 |a xo  |c SK 
080 |a 005.334:005.332.3  |2 2001 
080 |a 005.332.3  |2 2001 
080 |a 658.114:330.131.7  |2 2001 
080 |a 658.011.3  |2 2001 
100 1 |a Trippensee, Austin  |4 aut  |9 1507392 
245 1 0 |a Charakteristika dátového modelu na riadenie podnikových rizík  |c Austin Trippensee 
300 |b Fotogr. 
650 0 7 |a manažment rizika  |2 snkbucl  |9 4289 
650 0 7 |a podnikový manažment  |2 snkbucl  |9 3483 
650 0 7 |a riadenie podnikových rizík  |2 snkbucl  |9 1507393 
773 0 |t Infoware  |g Č. 6-7 (2009), s. 22-23  |x 1335-4787 
850 |a Slovenská národná knižnica 
852 |a Slovenská národná knižnica 
954 |a odborná, vedecká literatúra pôvodná (slovenská)  |2 lita 
958 |a article2022 
958 |a OND 
958 |a EUIPO 
999 |c 3012477  |d 3014407